[Event "Duisburg Grossenbaum op"]
[Site "Duisburg"]
[Date "2006.06.11"]
[Round "7"]
[White "Evers, Wolfgang"]
[Black "Mambrey, Alexander"]
[Result "1/2-1/2"]
[WhiteElo "1767"]
[BlackElo "1916"]
[PlyCount "46"]
[EventDate "2006.06.02"]
[EventType "swiss"]
[EventRounds "7"]
[EventCountry "GER"]
[SourceTitle "EXT 2007"]
[Source "ChessBase"]
[SourceDate "2006.11.23"]
[SourceVersion "1"]
[SourceVersionDate "2006.11.23"]
[SourceQuality "1"]

1. c4 Nf6 2. Nc3 g6 3. d4 d5 4. cxd5 Nxd5 5. e4 Nxc3 6. bxc3 Bg7 7. Nf3 c5 8. Bb5+ Bd7 9. Bxd7+ Qxd7 10. 0-0 0-0 11. Be3 cxd4 12. cxd4 Nc6 13. d5 Na5 14. Bd4 b5 15. Bxg7 Kxg7 16. Ne5 Qd6 17. Qd4 f6 18. Nf3 Nc4 19. Ng5 e5 20. Ne6+ Kf7 21. Qc3 Rfc8 22. Qh3 h5 23. g4 Rh8 1/2-1/2

[Event "Duisburg Grossenbaum op"]
[Site "Duisburg"]
[Date "2006.06.03"]
[Round "2"]
[White "Kartsev, Soel"]
[Black "Mambrey, Alexander"]
[Result "1-0"]
[WhiteElo "2253"]
[BlackElo "1916"]
[PlyCount "83"]
[EventDate "2006.06.02"]
[EventType "swiss"]
[EventRounds "7"]
[EventCountry "GER"]
[SourceTitle "EXT 2007"]
[Source "ChessBase"]
[SourceDate "2006.11.23"]
[SourceVersion "1"]
[SourceVersionDate "2006.11.23"]
[SourceQuality "1"]

1. d4 Nf6 2. Bg5 c5 3. Nc3 e6 4. Nf3 Be7 5. e3 d5 6. Bb5+ Bd7 7. Be2 0-0 8. 0-0 h6 9. Bh4 a6 10. a3 Nc6 11. dxc5 Bxc5 12. e4 dxe4 13. Nxe4 Be7 14. Nxf6+ Bxf6 15. Bxf6 gxf6 16. Qd2 Kh7 17. Rad1 Be8 18. Qf4 Qe7 19. c4 f5 20. b4 f6 21. c5 Bg6 22. Rd6 Rad8 23. Rfd1 e5 24. Qd2 Rxd6 25. Qxd6 Qxd6 26. Rxd6 Kg7 27. Bxa6 bxa6 28. Rxc6 Rd8 29. Kf1 f4 30. Ke1 Bd3 31. Nd2 f5 32. Nf3 e4 33. Ne5 Bb5 34. Rg6+ Kh7 35. Rd6 Rg8 36. g3 fxg3 37. hxg3 h5 38. Rf6 Rg5 39. c6 h4 40. gxh4 Rg1+ 41. Kd2 Rf1 42. Rxf5 1-0

[Event "Duisburg Grossenbaum op"]
[Site "Duisburg"]
[Date "2006.06.03"]
[Round "3"]
[White "Mambrey, Alexander"]
[Black "Mancic, Ivan"]
[Result "0-1"]
[WhiteElo "1916"]
[BlackElo "1741"]
[PlyCount "68"]
[EventDate "2006.06.02"]
[EventType "swiss"]
[EventRounds "7"]
[EventCountry "GER"]
[SourceTitle "EXT 2007"]
[Source "ChessBase"]
[SourceDate "2006.11.23"]
[SourceVersion "1"]
[SourceVersionDate "2006.11.23"]
[SourceQuality "1"]

1. d4 d5 2. c4 c6 3. Nc3 Nf6 4. e3 e6 5. Bd3 Nbd7 6. cxd5 exd5 7. Nge2 Bd6 8. f3 0-0 9. 0-0 Qc7 10. g3 Rd8 11. e4 dxe4 12. fxe4 Qa5 13. e5 Bxe5 14. dxe5 Nxe5 15. Bxh7+ Nxh7 16. Qb3 Bh3 17. Be3 Bxf1 18. Rxf1 Nf6 19. Kh1 Nd5 20. Bf4 Nd3 21. Qxb7 N3xf4 22. Nxf4 Qc7 23. Qb3 Rab8 24. Nfxd5 cxd5 25. Qa3 d4 26. Nd1 Qc4 27. Kg1 Rb7 28. b3 Qd5 29. Qb2 Re7 30. Qf2 Rde8 31. Qg2 Qg5 32. Qf3 Qd2 33. a4 d3 34. Kh1 Qe2 0-1

[Event "Moehnesee Cup-B"]
[Site "Moehnesee"]
[Date "2005.08.20"]
[Round "4"]
[White "Kahleys, Kevin"]
[Black "Mambrey, Alexander"]
[Result "0-1"]
[WhiteElo "1210"]
[BlackElo "1483"]
[PlyCount "70"]
[EventDate "2005.08.18"]
[EventType "swiss"]
[EventRounds "7"]
[EventCountry "GER"]
[SourceTitle "CBM 108 Extra"]
[Source "ChessBase"]
[SourceDate "2005.11.04"]
[SourceVersion "1"]
[SourceVersionDate "2005.11.04"]
[SourceQuality "1"]

1. e4 c6 2. d4 d5 3. e5 Bf5 4. Nc3 e6 5. Bd3 Bxd3 6. Qxd3 Qb6 7. Nf3 Qa6 8. Qxa6 Nxa6 9. a3 c5 10. 0-0 Ne7 11. Be3 Nc6 12. dxc5 Nxc5 13. Bxc5 Bxc5 14. b4 Bd4 15. Nxd4 Nxd4 16. Rfd1 Rc8 17. Rxd4 Rxc3 18. Ra2 0-0 19. Rd3 Rc4 20. f3 Rfc8 21. Rd2 g5 22. g3 Kg7 23. Kf2 Kg6 24. g4 Rc3 25. h3 R8c4 26. b5 f6 27. exf6 Kxf6 28. Re2 e5 29. Kg2 Rf4 30. Rf2 e4 31. fxe4 Rxf2+ 32. Kxf2 dxe4 33. Ke2 Rxh3 34. Kd1 Rg3 35. c4 Rg1+ 0-1

[Event "Moehnesee Cup-B"]
[Site "Moehnesee"]
[Date "2005.08.19"]
[Round "3"]
[White "Mambrey, Alexander"]
[Black "Huemmecke, Miriam"]
[Result "1-0"]
[WhiteElo "1483"]
[BlackElo "914"]
[PlyCount "79"]
[EventDate "2005.08.18"]
[EventType "swiss"]
[EventRounds "7"]
[EventCountry "GER"]
[SourceTitle "CBM 108 Extra"]
[Source "ChessBase"]
[SourceDate "2005.11.04"]
[SourceVersion "1"]
[SourceVersionDate "2005.11.04"]
[SourceQuality "1"]

1. Nf3 Nf6 2. g3 d5 3. c4 Nc6 4. Bg2 e5 5. cxd5 Nxd5 6. d3 Be6 7. 0-0 Bd6 8. Nc3 Nxc3 9. bxc3 0-0 10. Qc2 Qd7 11. Rd1 Rad8 12. Rb1 b6 13. Ng5 Bf5 14. Ne4 Be7 15. Qa4 a6 16. Nd2 Na5 17. Qxd7 Rxd7 18. Bb2 Rfd8 19. c4 f6 20. Bc3 g6 21. Bxa5 bxa5 22. Rb7 Bb4 23. Bd5+ Kf8 24. Ra7 Bxd2 25. Rxd2 c6 26. Rxd7 Rxd7 27. Bxc6 Rd6 28. Bd5 Ke7 29. Rb2 Kd7 30. Rb7+ Kc8 31. Rxh7 g5 32. Ra7 Kb8 33. Ra8+ Kc7 34. h4 gxh4 35. gxh4 Rd7 36. Rxa6 Rh7 37. Rxf6 Rh5 38. Bf3 Rxh4 39. Rxf5 Kd6 40. e3 1-0

[Event "Duisburg Grossenbaum op"]
[Site "Duisburg"]
[Date "2005.05.14"]
[Round "2"]
[White "Meinert, Thomas"]
[Black "Mambrey, Alexander"]
[Result "1/2-1/2"]
[WhiteElo "1815"]
[BlackElo "1430"]
[PlyCount "28"]
[EventDate "2005.05.13"]
[EventType "swiss"]
[EventRounds "7"]
[EventCountry "GER"]
[SourceTitle "EXT 2006"]
[Source "ChessBase"]
[SourceDate "2005.11.24"]
[SourceVersion "1"]
[SourceVersionDate "2005.11.24"]
[SourceQuality "1"]

1. c4 Nf6 2. Nc3 g6 3. d4 d5 4. cxd5 Nxd5 5. e4 Nxc3 6. bxc3 Bg7 7. Be3 c5 8. Qd2 Qa5 9. Nf3 Nc6 10. Bc4 0-0 11. Rd1 Rd8 12. 0-0 Bg4 13. Qe2 cxd4 14. cxd4 Bxd4 1/2-1/2

[Event "Goch op 15th"]
[Site "Goch"]
[Date "2004.10.02"]
[Round "4"]
[White "Kiechl, Stefan"]
[Black "Mambrey, Alexander"]
[Result "1-0"]
[WhiteElo "1704"]
[BlackElo "1186"]
[PlyCount "57"]
[EventDate "2004.09.30"]
[EventType "swiss"]
[EventRounds "7"]
[EventCountry "GER"]
[SourceTitle "EXT 2006"]
[Source "ChessBase"]
[SourceDate "2005.11.24"]
[SourceVersion "1"]
[SourceVersionDate "2005.11.24"]
[SourceQuality "1"]

1. d4 Nf6 2. Bg5 Ne4 3. Bf4 d5 4. e3 c5 5. Bd3 Nc6 6. Bxe4 dxe4 7. d5 Nb4 8. Nc3 Qa5 9. a3 Na6 10. Nge2 b5 11. 0-0 f5 12. Qd2 Bd7 13. Nxe4 Qb6 14. N4c3 Rd8 15. e4 Qg6 16. Qe3 b4 17. exf5 Bxf5 18. axb4 Nxb4 19. Rxa7 Nxc2 20. Qg3 Qh5 21. Ra5 c4 22. Bc7 Rd7 23. Qe5 Bg4 24. Qf4 Qf5 25. Qxc4 Bxe2 26. Nxe2 Rxc7 27. Qxc7 Qd3 28. Qc8+ Kf7 29. Qe6+ 1-0

[Event "Goch op 15th"]
[Site "Goch"]
[Date "2004.10.02"]
[Round "5"]
[White "Ragsch, Klaus"]
[Black "Mambrey, Alexander"]
[Result "1/2-1/2"]
[WhiteElo "2033"]
[BlackElo "1186"]
[PlyCount "104"]
[EventDate "2004.09.30"]
[EventType "swiss"]
[EventRounds "7"]
[EventCountry "GER"]
[SourceTitle "EXT 2006"]
[Source "ChessBase"]
[SourceDate "2005.11.24"]
[SourceVersion "1"]
[SourceVersionDate "2005.11.24"]
[SourceQuality "1"]

1. e4 c6 2. d4 d5 3. Nd2 dxe4 4. Nxe4 Nf6 5. Ng3 Qc7 6. Nf3 Bg4 7. Be2 Nbd7 8. 0-0 g6 9. h3 Bxf3 10. Bxf3 Bg7 11. Re1 Nb6 12. Ne2 Rd8 13. c3 0-0 14. Qb3 Rfe8 15. Bg5 h6 16. Bc1 Qc8 17. a4 e5 18. dxe5 Rxe5 19. Bf4 Re7 20. Nd4 Rxe1+ 21. Rxe1 Re8 22. Rd1 Nbd5 23. Bh2 Ne4 24. Qc2 f5 25. Ne2 Qe6 26. Nf4 Nxf4 27. Bxf4 Qc4 28. Be3 c5 29. Qe2 Qxa4 30. Qd3 b6 31. Qd5+ Kh7 32. b3 Qa2 33. Qf7 Rf8 34. Qe6 Nxc3 35. Rd7 Qb1+ 36. Kh2 Ne4 37. Qe5 Rg8 38. Bxe4 Qxe4 39. Qxe4 fxe4 40. Rxa7 Rb8 41. Re7 Kg8 42. Rxe4 Kf7 43. Kg3 h5 44. Kf3 Rd8 45. Ke2 Kf6 46. b4 Bf8 47. bxc5 Bxc5 48. Bxc5 bxc5 49. Ke3 Rd7 50. Rc4 Rc7 51. Ke4 Ke6 52. h4 Kd6 1/2-1/2